02295cam a2200301 i 4500001001300000003000900013005001700022008004100039010001700080020001800097020001500115035002100130040004400151041001300195100002200208245020000230260005500430300003500485500020500520520104200725546002201767650004801789650002701837651003001864700002101894700004501915765003301960ocn946579846Co-BoUCM20180817125437.0180817s2016 wiua b 001 0 eng c a 2016012947 a9780299310806 a0299310809 a(OCoLC)946579846 aCo-BoUCMbspacSaul NiñodSaul Niño1 aenghrus1 aVatlin, Alexander10aAgents of terrorbordinary men and extraordinary violence in Stalin's secret policecAlexander Vatlin ; edited, translated, and with an introduction by Seth Bernstein ; foreword by Oleg Khlevniuk aWisconsinbThe University of Wisconsin Pressc2016 axxxlv, 171 páginasbretratos a"Originally published as Terror raionnogo masshtaba: 'Massovye operatsii' NKVD v Kuntsevskom raione Moskovskoi oblasti v 1937-38 gg. ©2004 by Alexander Vatlin and Rosspen, Moscow."--Title page verso. aIn the Great Terror of 1937 38 more than a million Soviet citizens were arrested or killed for political crimes they didn t commit. What kind of people carried out this violent purge, and what motivated them? This book opens up the world of the Soviet perpetrator for the first time. Focusing on Kuntsevo, the Moscow suburb where Stalin had a dacha, Alexander Vatlin shows how Stalinism rewarded local officials for inventing enemies. Agents of Terror reveals stunning, detailed evidence from archives available for a limited time in the 1990s. Going beyond the central figures of the terror, Vatlin takes readers into the offices and interrogation rooms of secret police at the district level. Spurred at times by ambition, and at times by fear for their own lives, agents rushed to fulfill quotas for arresting enemies of the people even when it meant fabricating the evidence. Vatlin pulls back the curtain on a Kafkaesque system, forcing readers to reassess notions of historical agency and moral responsibility in Stalin-era crimes. aTexto en inglés 7aPersecuciones políticas xHistoriazRusia 0aCrímenes políticos 7aUnion SovieticazHistoria1 aBernstein, Seth,1 aKhlevni͡uk, O. V.q(Oleg Vitalʹevich), tTerror raĭonnogo masshtaba